Základy účtovníctva praktikum

Saved in:
Bibliographic Details
Main Author: Manová, Eva, 1957-
Corporate Author: Ekonomická univerzita v Bratislave. Podnikovohospodárska fakulta so sídlom v Košiciach
Other Authors: Kudlová, Zuzana, 1986-, Juhászová, Zuzana, 1970-, Bánociová, Anna
Format: Book
Language:Slovak
Published: Bratislava Vydavateľstvo EKONÓM 2020
Edition:1. vydanie
Subjects:
Tags: Add Tag
No Tags, Be the first to tag this record!

MARC

LEADER 00000nlm a2200000 4500
001 0270821
005 20240502074241.0
020 |a 978-80-225-4758-1 
041 0 |a slo 
044 |a SK 
245 1 0 |a Základy účtovníctva  |b praktikum  |c Eva Manová - Zuzana Kudlová ; recenzentky: Zuzana Juhászová, Anna Bánociová 
250 |a 1. vydanie 
264 1 |a Bratislava  |b Vydavateľstvo EKONÓM  |c 2020 
300 |a 150 s. [8,544 AH] 
610 2 0 |a účtovníctvo 
610 2 0 |a úpravy právne 
610 2 0 |a účtovníctvo podvojné 
610 2 0 |a súvaha 
610 2 0 |a doklady účtovné 
610 2 0 |a účty súvahové 
610 2 0 |a účty výsledkové 
100 1 |a Manová, Eva, 1957- 
700 1 |a Kudlová, Zuzana, 1986- 
700 1 |a Juhászová, Zuzana, 1970- 
700 1 |a Bánociová, Anna 
710 2 |a Ekonomická univerzita v Bratislave. Podnikovohospodárska fakulta so sídlom v Košiciach